000 01097nam a22003137a 4500
003 CHAP
005 20220329142152.0
008 000126d1999 mx a r 00110 spa d
010 _a79511
011 _a80483
035 _a90934
040 _cCHAP
090 _aTesis
100 0 0 _aPimentel Blancas, Alberto.
_988086
245 1 0 _aCaracterización y puesta en marcha de un equipo piloto de evaporación en triple efecto
_c/por Alberto Pimentel Blancas
260 _aChapingo, Méx. :
_bEl autor,
_c1999.
300 _a147 h. :
_bilus. ; diags.
502 _aTesis (Ing. Agroindustrial) -- UACH. Departamento de Ingeniería Agroindustrial
590 _aALEPH
_b10
_c20130110
_lUCH01
_h1431
590 _aBATCH-UPD
_b10
_c20130110
_lUCH01
_h2224
590 _aCONVERSION
_b10
_c20130109
_lUCH01
_h1344
650 1 4 _aEvaporadores.
_938966
901 _aBK
905 _aAlejandra Carrasco M.
942 _cFOLL
949 _bBC
_cTES
_d33724000748208
_eTS2
_fc.2
_h34911
_i90934
_si
949 _bBC
_cTES
_d33724000762142
_eTS2
_fc.3
_h35933
_i90934
_si
949 _bBC
_cTES
_d909341
_eTS1
_h34910
_i90934
_sb
999 _c79511
_d79511